Masters of the swooniverse (Record no. 325)
[ view plain ]
| 000 -LEADER | |
|---|---|
| fixed length control field | 01002nam a22002297a 4500 |
| 001 - CONTROL NUMBER | |
| control field | 325 |
| 003 - CONTROL NUMBER IDENTIFIER | |
| control field | FISKH |
| 005 - DATE AND TIME OF LATEST TRANSACTION | |
| control field | 20230321132410.0 |
| 008 - FIXED-LENGTH DATA ELEMENTS--GENERAL INFORMATION | |
| fixed length control field | 230321b cb ||||| |||| 00| 0 eng d |
| 040 ## - CATALOGING SOURCE | |
| Original cataloging agency | FISKH |
| Language of cataloging | eng |
| Transcribing agency | FISKH |
| Modifying agency | FISKH |
| 082 ## - DEWEY DECIMAL CLASSIFICATION NUMBER | |
| Classification number | 823.92 |
| 100 ## - MAIN ENTRY--PERSONAL NAME | |
| Personal name | Behrent, Sue |
| 245 ## - TITLE STATEMENT | |
| Title | Masters of the swooniverse |
| Remainder of title | Music island missions |
| Statement of responsibility, etc. | T Shrewman |
| 260 ## - PUBLICATION, DISTRIBUTION, ETC. | |
| Place of publication, distribution, etc. | London |
| Name of publisher, distributor, etc. | Puffin |
| Date of publication, distribution, etc. | 2013 |
| 300 ## - PHYSICAL DESCRIPTION | |
| Extent | 141 p. |
| Dimensions | 20 cm. |
| 490 ## - SERIES STATEMENT | |
| Series statement | Music Island Missions |
| Volume/sequential designation | v. 3 |
| 505 ## - FORMATTED CONTENTS NOTE | |
| Formatted contents note | K |
| 520 ## - SUMMARY, ETC. | |
| Summary, etc. | Join the Super Moshis in their third Music Island Mission - an all-new series from Moshi Monsters! The Rhapsody 2's steering wheel is at the bottom of the Seventy Seas. Its last crew member is still missing. And Dr Strangeglove is lurking in the shadows. Can the Super Moshis brave the creepy Gooey Galleon, rescue Splutnik from Jollywood and unravel the mystery of the giant star . . . before Monstro City is destroyed forever? |
| 521 8# - TARGET AUDIENCE NOTE | |
| Target audience note | 600 <br/> |
| Source | Lexile |
| 521 8# - TARGET AUDIENCE NOTE | |
| Target audience note | K <br/> |
| Source | Raz-Plus |
| 942 ## - ADDED ENTRY ELEMENTS (KOHA) | |
| Source of classification or shelving scheme | Dewey Decimal Classification |
| Koha item type | Books |
| Suppress in OPAC | No |
| Withdrawn status | Lost status | Source of classification or shelving scheme | Damaged status | Not for loan | Collection | Home library | Current library | Shelving location | Date acquired | Total Checkouts | Full call number | Barcode | Date last seen | Date last checked out | Price effective from | Koha item type |
|---|---|---|---|---|---|---|---|---|---|---|---|---|---|---|---|---|
| Dewey Decimal Classification | Juvenile Fiction | Footprints International School Library Network Toul Kork Campus | Footprints International School Library Network Toul Kork Campus | 03/21/2023 | 2 | BEH 823.92 PZ7 | 2023-0059 | 10/17/2025 | 10/03/2025 | 03/21/2023 | Books |
